| 000 | 01598nam0a2200325 4500 | ||
|---|---|---|---|
| 001 | RU\NLR\BIBL_A\011793388 | ||
| 005 | 20180928150411.0 | ||
| 010 |
_a978-5-7017-2959-7 _9500 |
||
| 021 |
_aRU _bКН-П-18-060255 _9КН-П-18-4335 |
||
| 035 | _a(NLR Aleph) 011793388 | ||
| 035 | _a(RuMoRGB)009723298 | ||
| 090 |
_a11834146 _c11834146 |
||
| 100 | _a20180917d2018 u y0rusy50 ca | ||
| 101 | 0 | _arus | |
| 102 | _aRU | ||
| 105 | _aa|||zzzz0|1yy | ||
| 200 | 1 |
_aПрактическое руководство по решению некоторого класса задач из области математического анализа применительно к вопросам механики и теоретической физики _eучебное пособие _fС. Б. Богданова, С. О. Гладков |
|
| 210 |
_aМосква _cМГОУ _d2018 |
||
| 215 |
_a181 с. _cил. _d21 |
||
| 313 | _aМатематический анализ. | ||
| 320 | _aБиблиогр.: с. 176-179 (45 назв.) | ||
| 606 | 1 |
_aМатематический анализ _jУчебные издания для высших учебных заведений _2nlr_sh1 _2nlr_sh2 _3RU\NLR\AUTH\6641277 |
|
| 686 | 1 | _aВ161я73-1 | |
| 700 | 1 |
_aБогданова _bС. Б. _cканд. физ.-мат. наук _gСофья Борисовна _3RU\NLR\AUTH\770178631 |
|
| 701 | 1 |
_aГладков _bС. О. _gСергей Октябринович |
|
| 942 | _cBOOK | ||
| 980 | _aNBR | ||
| 980 | _aNB | ||